[Event "COL-chT Cup"]
[Site "Bogota"]
[Date "2015.06.07"]
[Round "3.3"]
[White "Ruiz, Alciguel"]
[Black "Rivera, Alberto"]
[Result "0-1"]
[WhiteElo "2220"]
[BlackElo "2345"]
[PlyCount "78"]
[EventDate "2015.06.06"]
[EventType "team-swiss"]
[EventRounds "6"]
[EventCountry "COL"]
[SourceTitle "CBM 166 Extra"]
[Source "ChessBase"]
[SourceDate "2015.06.18"]
[SourceVersion "1"]
[SourceVersionDate "2015.06.18"]
[SourceQuality "1"]
[WhiteTeam "Bogota Sicoopweb"]
[BlackTeam "Bogota"]
[WhiteTeamCountry "COL"]
[BlackTeamCountry "COL"]

1. d4 Nf6 2. c4 e6 3. Nf3 c5 4. g3 a6 5. Bg2 cxd4 6. Nxd4 Qc7 7. b3 Bb4+ 8. Bd2 Be7 9. Nc3 d6 10. 0-0 Nc6 11. Nf3 0-0 12. Rc1 Rd8 13. Ne1 Ne5 14. Nd3 Rb8 15. Nxe5 dxe5 16. Qc2 b6 17. Bg5 h6 18. Bxf6 Bxf6 19. Rfd1 Bd7 20. Rd2 Be8 21. Rcd1 Rxd2 22. Rxd2 Be7 23. a4 Bb4 24. Rd3 b5 25. axb5 axb5 26. Nd1 Rc8 27. Ne3 f5 28. Qd1 e4 29. Rd4 Bc5 30. Rd2 Qb6 31. Qc2 Bxe3 32. fxe3 Qxe3+ 33. Kh1 bxc4 34. bxc4 Kh7 35. Rd6 Bb5 36. Qd2 Qxd2 37. Rxd2 Rxc4 38. h3 Rc1+ 39. Kh2 Re1 0-1

[Event "Bogota Navidad op"]
[Site "Bogota"]
[Date "2014.12.06"]
[Round "5"]
[White "Ruiz, Alciguel"]
[Black "Guzman Lozano, Campo Elias"]
[Result "1-0"]
[WhiteElo "2192"]
[BlackElo "2030"]
[PlyCount "91"]
[EventDate "2014.12.04"]
[EventType "swiss"]
[EventRounds "9"]
[EventCountry "COL"]
[SourceTitle "CBM 163 Extra"]
[Source "ChessBase"]
[SourceDate "2014.12.23"]
[SourceVersion "1"]
[SourceVersionDate "2014.12.23"]
[SourceQuality "1"]

1. c4 e6 2. Nf3 d5 3. g3 c6 4. Qc2 f5 5. Bg2 Nf6 6. 0-0 Be7 7. d4 0-0 8. b3 a5 9. Ba3 Bb4 10. Bb2 Ne4 11. c5 a4 12. bxa4 Nd7 13. a3 Ba5 14. Bc1 Qf6 15. Bf4 g5 16. Be5 Qh6 17. Nbd2 g4 18. Bf4 Qg7 19. Ne5 Nexc5 20. Nb3 Nxb3 21. Qxb3 Nf6 22. Qe3 Re8 23. Bh6 Qe7 24. Qg5+ Kh8 25. Qh4 Bd8 26. Bg5 Rg8 27. f3 Rxa4 28. e3 Qf8 29. fxg4 Rxg5 30. Qxg5 Be7 31. gxf5 Ng4 32. Qf4 exf5 33. Bh3 Nh6 34. Qxh6 Qxh6 35. Nf7+ Kg7 36. Nxh6 Kxh6 37. Bxf5 Bxf5 38. Rxf5 Kg6 39. g4 Rc4 40. a4 Rc2 41. Rb1 Bg5 42. Re5 Ra2 43. Rxb7 Rxa4 44. Re6+ Bf6 45. h4 h6 46. Rc7 1-0

[Event "Bogota La Florida op"]
[Site "Bogota"]
[Date "2014.02.02"]
[Round "6"]
[White "Ruiz, Alciguel"]
[Black "Ruiz Castillo, Joshua Daniel"]
[Result "1-0"]
[WhiteElo "2182"]
[BlackElo "2379"]
[PlyCount "51"]
[EventDate "2014.01.31"]
[EventType "swiss"]
[EventRounds "6"]
[EventCountry "COL"]
[SourceTitle "CBM 158 Extra"]
[Source "ChessBase"]
[SourceDate "2014.02.28"]
[SourceVersion "1"]
[SourceVersionDate "2014.02.28"]
[SourceQuality "1"]

1. d4 Nf6 2. Nf3 e6 3. g3 b6 4. Bg2 Bb7 5. c4 Be7 6. Nc3 d5 7. Ne5 0-0 8. 0-0 Nbd7 9. Qa4 Nb8 10. Bg5 h6 11. Bxf6 Bxf6 12. Rad1 c6 13. cxd5 cxd5 14. e4 dxe4 15. Nxe4 Bxe5 16. dxe5 Qe7 17. Nf6+ Kh8 18. Qc2 g6 19. Qc1 Kg7 20. Bxb7 Qxb7 21. Qf4 a5 22. Rd4 Rh8 23. Rfd1 Qe7 24. Qh4 Qc5 25. Nh5+ Kh7 26. Qf6 1-0

[Event "Bogota McGregor op 4th"]
[Site "Bogota"]
[Date "2013.12.07"]
[Round "7"]
[White "Ruiz, Alciguel"]
[Black "Gomez Ledo, Roberto Carlos"]
[Result "0-1"]
[WhiteElo "2165"]
[BlackElo "2424"]
[PlyCount "40"]
[EventDate "2013.12.04"]
[EventType "swiss"]
[EventRounds "9"]
[EventCountry "COL"]
[SourceTitle "CBM 157 Extra"]
[Source "ChessBase"]
[SourceDate "2013.12.19"]
[SourceVersion "1"]
[SourceVersionDate "2013.12.19"]
[SourceQuality "1"]

1. d4 g6 2. c4 Bg7 3. Nc3 c5 4. d5 Bxc3+ 5. bxc3 Qa5 6. Bd2 f5 7. g4 fxg4 8. e4 d6 9. h3 Nf6 10. hxg4 Bxg4 11. f3 Bh5 12. Qb3 Nbd7 13. Kf2 0-0 14. Kg3 Ne5 15. Bh6 Nxf3 16. Bxf8 Nxe4+ 17. Kg2 Rxf8 18. Bd3 Nfd2 19. Qc2 Rf2+ 20. Kh3 Ng5+ 0-1

[Event "Ortega op 3rd"]
[Site "Ortega"]
[Date "2013.06.10"]
[Round "7"]
[White "Ruiz, Alciguel"]
[Black "Mena, Yamil Octavio"]
[Result "1-0"]
[WhiteElo "2160"]
[BlackElo "2011"]
[PlyCount "81"]
[EventDate "2013.06.07"]
[EventType "swiss"]
[EventRounds "8"]
[EventCountry "COL"]
[SourceTitle "CBM 154 Extra"]
[Source "ChessBase"]
[SourceDate "2013.06.25"]
[SourceVersion "2"]
[SourceVersionDate "2013.06.25"]
[SourceQuality "1"]

1. d4 Nf6 2. c4 e6 3. Nc3 Bb4 4. e3 b6 5. Nge2 Bb7 6. a3 Be7 7. Qc2 0-0 8. e4 d5 9. cxd5 exd5 10. e5 Ne4 11. f3 Nxc3 12. bxc3 c5 13. Ng3 cxd4 14. cxd4 Nc6 15. Be3 Rc8 16. Qb1 f6 17. Bd3 fxe5 18. Bxh7+ Kh8 19. dxe5 Nxe5 20. 0-0 d4 21. Bd2 d3 22. Be4 Qd4+ 23. Kh1 Bxe4 24. Nxe4 Rc2 25. Qe1 Rfc8 26. Qg3 R8c6 27. Rad1 a5 28. Rfe1 Nf7 29. Bc3 R2xc3 30. Nxc3 Bxa3 31. Re8+ Kh7 32. Qh3+ Nh6 33. Ne4 Bc1 34. g4 Qd7 35. Qh5 Bf4 36. g5 d2 37. Rf8 Qe6 38. Nf6+ Qxf6 39. Rxf6 Rc1 40. g6+ Kg8 41. Qd5+ 1-0

[Event "Ortega op 3rd"]
[Site "Ortega"]
[Date "2013.06.10"]
[Round "8"]
[White "Zuluaga Mancilla, Cesar"]
[Black "Ruiz, Alciguel"]
[Result "1-0"]
[WhiteElo "2407"]
[BlackElo "2160"]
[PlyCount "69"]
[EventDate "2013.06.07"]
[EventType "swiss"]
[EventRounds "8"]
[EventCountry "COL"]
[SourceTitle "EXT 2014"]
[Source "ChessBase"]
[SourceDate "2013.11.20"]
[SourceVersion "1"]
[SourceVersionDate "2013.11.20"]
[SourceQuality "1"]

1. d4 Nf6 2. Nf3 g6 3. c4 Bg7 4. Nc3 d5 5. Bf4 0-0 6. Rc1 c6 7. e3 Bg4 8. h3 Bxf3 9. Qxf3 Qa5 10. Bd3 Qb4 11. Qe2 Nbd7 12. 0-0 dxc4 13. Bxc4 Rfe8 14. Rfd1 e5 15. dxe5 Nxe5 16. Bb3 Rad8 17. e4 Qa5 18. Be3 Rxd1+ 19. Rxd1 Re7 20. f4 Ned7 21. Qf2 Qc7 22. e5 Ne8 23. Qh4 Nf8 24. Ne4 b6 25. Nd6 Ne6 26. Kh1 Nf8 27. Bxf7+ Rxf7 28. Nxe8 Qe7 29. Qxe7 Rxe7 30. Rd8 g5 31. g3 gxf4 32. gxf4 Bh6 33. Nd6 Re6 34. Kg2 Kg7 35. Kf3 1-0

[Event "Ortega op 3rd"]
[Site "Ortega"]
[Date "2013.06.07"]
[Round "2"]
[White "Huertas Botache, Alvaro Eduardo"]
[Black "Ruiz, Alciguel"]
[Result "0-1"]
[WhiteElo "1841"]
[BlackElo "2160"]
[PlyCount "92"]
[EventDate "2013.06.07"]
[EventType "swiss"]
[EventRounds "8"]
[EventCountry "COL"]
[SourceTitle "CBM 154 Extra"]
[Source "ChessBase"]
[SourceDate "2013.06.25"]
[SourceVersion "2"]
[SourceVersionDate "2013.06.25"]
[SourceQuality "1"]

1. e4 c5 2. Nf3 Nc6 3. c3 Nf6 4. e5 Nd5 5. d4 cxd4 6. cxd4 d6 7. exd6 Qxd6 8. Nc3 Bg4 9. Bb5 e6 10. h3 Bxf3 11. Qxf3 Be7 12. 0-0 0-0 13. Rd1 Rac8 14. a3 Na5 15. Ne4 Qb6 16. Ba4 Rc4 17. b4 Nc6 18. Nc5 Nxd4 19. Qd3 Rxc5 20. bxc5 Bxc5 21. Rb1 Qa5 22. Bb2 Qxa4 23. Bxd4 Bxd4 24. Qxd4 Qxd4 25. Rxd4 b6 26. Rc1 Rd8 27. Rdc4 Kf8 28. g3 Ke7 29. Kg2 Kd6 30. Kf3 Rb8 31. Rg4 g6 32. Rh4 h5 33. g4 hxg4+ 34. hxg4 a6 35. g5 b5 36. Rd4 a5 37. Ke4 b4 38. axb4 axb4 39. Rdc4 b3 40. Rb1 Rb5 41. Rb2 Kd7 42. f4 Ke7 43. Rd4 f6 44. gxf6+ Kxf6 45. Rc4 Rb7 46. Rd4 Nxf4 0-1

[Event "Bogota McGregor op 3rd"]
[Site "Bogota"]
[Date "2012.12.14"]
[Round "5"]
[White "Ruiz, Alciguel"]
[Black "Nieto, Guillermo Luigui"]
[Result "0-1"]
[WhiteElo "2168"]
[BlackElo "1920"]
[PlyCount "48"]
[EventDate "2012.12.12"]
[EventType "swiss"]
[EventRounds "9"]
[EventCountry "COL"]
[SourceTitle "EXT 2014"]
[Source "ChessBase"]
[SourceDate "2013.11.20"]
[SourceVersion "1"]
[SourceVersionDate "2013.11.20"]
[SourceQuality "1"]

1. d4 Nf6 2. c4 e6 3. Nf3 Bb4+ 4. Bd2 Qe7 5. a3 Bxd2+ 6. Qxd2 0-0 7. Qc2 d6 8. g3 e5 9. Bg2 Bg4 10. 0-0 Nbd7 11. dxe5 dxe5 12. Nc3 c6 13. Rad1 Rad8 14. b4 Nb6 15. Nb1 Bxf3 16. Bxf3 e4 17. Bg2 e3 18. f3 Rxd1 19. Rxd1 Rd8 20. Rxd8+ Qxd8 21. Qd3 Qd7 22. Nc3 Nxc4 23. Qxc4 Qd2 24. Qd3 Qe1+ 0-1

[Event "Bogota McGregor op 3rd"]
[Site "Bogota"]
[Date "2012.12.13"]
[Round "3"]
[White "Ruiz, Alciguel"]
[Black "Diaz Herrera, Leider Andres"]
[Result "1-0"]
[WhiteElo "2168"]
[BlackElo "1950"]
[PlyCount "79"]
[EventDate "2012.12.12"]
[EventType "swiss"]
[EventRounds "9"]
[EventCountry "COL"]
[SourceTitle "EXT 2014"]
[Source "ChessBase"]
[SourceDate "2013.11.20"]
[SourceVersion "1"]
[SourceVersionDate "2013.11.20"]
[SourceQuality "1"]

1. d4 d5 2. Nf3 c6 3. g3 Nf6 4. Bg2 e6 5. 0-0 Nbd7 6. b3 Be7 7. c4 0-0 8. Qc2 b6 9. Nbd2 Bb7 10. Bb2 Rc8 11. Rac1 Re8 12. Rfd1 Nf8 13. e4 Ng6 14. h4 Bf8 15. e5 Nd7 16. Nf1 c5 17. dxc5 Bxc5 18. Qd3 Qe7 19. h5 Ngf8 20. N1d2 Red8 21. Qe2 Ba3 22. Bxa3 Qxa3 23. h6 gxh6 24. Qe3 Kg7 25. Nd4 Ng6 26. f4 Qe7 27. cxd5 Qe8 28. dxe6 Rxc1 29. Rxc1 Bxg2 30. Kxg2 fxe6 31. Rc7 Kh8 32. Ne4 Ne7 33. Rxa7 Nd5 34. Qf3 Qg6 35. Nd6 Rf8 36. Rxd7 Rxf4 37. Rd8+ Kg7 38. Nxe6+ Qxe6 39. gxf4 Qg6+ 40. Qg3 1-0

[Event "Pamplona Sub zt 2.3"]
[Site "Pamplona"]
[Date "2012.11.08"]
[Round "7"]
[White "Ruiz, Alciguel"]
[Black "Martinez Arroyo, Luis Alberto"]
[Result "1-0"]
[WhiteElo "2198"]
[BlackElo "1843"]
[PlyCount "131"]
[EventDate "2012.11.05"]
[EventType "swiss"]
[EventRounds "9"]
[EventCountry "COL"]
[SourceTitle "EXT 2013"]
[Source "ChessBase"]
[SourceDate "2012.11.22"]
[SourceVersion "1"]
[SourceVersionDate "2012.11.22"]
[SourceQuality "1"]

1. d4 Nf6 2. c4 e6 3. Nc3 Bb4 4. e3 0-0 5. Bd3 c5 6. Nge2 d5 7. a3 cxd4 8. exd4 dxc4 9. Bxc4 Be7 10. 0-0 Nc6 11. Bg5 h6 12. Bh4 Qb6 13. b4 Rd8 14. Na4 Qc7 15. Rc1 Qb8 16. Ba2 Nxd4 17. Nxd4 Qf4 18. Bxf6 Qxf6 19. Qc2 Rxd4 20. Bb1 g6 21. Rfd1 Bd7 22. Rxd4 Qxd4 23. Rd1 Qe5 24. Nc5 Bc6 25. Nd3 Qg5 26. f4 Qh5 27. Re1 Rd8 28. Ne5 Be8 29. Qf2 Rd1 30. Be4 Bd8 31. Bf3 Rxe1+ 32. Qxe1 Qf5 33. g3 b5 34. Be4 Bb6+ 35. Kh1 Qf6 36. Qc1 Kg7 37. Kg2 Qd8 38. Bc6 Qc7 39. Qb2 Bxc6+ 40. Nxc6+ f6 41. Qc2 Qc8 42. Qxg6+ Kxg6 43. Ne7+ Kf7 44. Nxc8 Bd4 45. Nd6+ Kg6 46. Nxb5 Be3 47. Kf3 Bg1 48. h3 h5 49. Nc7 e5 50. fxe5 fxe5 51. Nd5 Kf5 52. g4+ hxg4+ 53. hxg4+ Ke6 54. Nc3 Kf6 55. Ne4+ Ke6 56. a4 Bd4 57. b5 Kd5 58. g5 Ke6 59. Kg4 Be3 60. g6 Bd4 61. a5 Be3 62. a6 Bd4 63. g7 Kf7 64. Nd6+ Kg8 65. Nf5 Bg1 66. Kg5 1-0

[Event "Pamplona Sub zt 2.3"]
[Site "Pamplona"]
[Date "2012.11.07"]
[Round "5"]
[White "Ruiz, Alciguel"]
[Black "Arismendi Polanco, Efrain Steven"]
[Result "1-0"]
[WhiteElo "2198"]
[BlackElo "1760"]
[PlyCount "63"]
[EventDate "2012.11.05"]
[EventType "swiss"]
[EventRounds "9"]
[EventCountry "COL"]
[SourceTitle "EXT 2013"]
[Source "ChessBase"]
[SourceDate "2012.11.22"]
[SourceVersion "1"]
[SourceVersionDate "2012.11.22"]
[SourceQuality "1"]

1. d4 Nf6 2. c4 g6 3. Nc3 Bg7 4. e4 d6 5. f3 0-0 6. Bg5 c5 7. d5 Qa5 8. Qd2 Nbd7 9. a4 Ne5 10. Qc2 a6 11. Bd2 Qc7 12. Bg5 e6 13. Qd2 exd5 14. cxd5 Re8 15. Rc1 Bd7 16. Bd3 Rab8 17. Nge2 b5 18. axb5 axb5 19. 0-0 b4 20. Nd1 Nxd3 21. Qxd3 Bb5 22. Qd2 c4 23. Nd4 Rec8 24. Kh1 Nd7 25. Nf2 Nc5 26. Rfe1 Nd7 27. Ng4 Qb6 28. Nh6+ Kf8 29. Ne6+ fxe6 30. Qf4+ Nf6 31. Bxf6 Qc7 32. Bd8+ 1-0

[Event "Bogota op 10"]
[Site "Bogota"]
[Date "2012.10.14"]
[Round "4"]
[White "Ruiz, Alciguel"]
[Black "Lopez, Jorge Mario"]
[Result "1-0"]
[WhiteElo "2246"]
[BlackElo "2012"]
[PlyCount "61"]
[EventDate "2012.10.11"]
[EventType "swiss"]
[EventRounds "9"]
[EventCountry "COL"]
[SourceTitle "EXT 2013"]
[Source "ChessBase"]
[SourceDate "2012.11.22"]
[SourceVersion "1"]
[SourceVersionDate "2012.11.22"]
[SourceQuality "1"]

1. d4 Nf6 2. c4 e6 3. Nc3 Bb4 4. e3 d5 5. Nf3 0-0 6. Be2 c5 7. 0-0 dxc4 8. Bxc4 Bxc3 9. bxc3 Qa5 10. Qc2 Nc6 11. e4 cxd4 12. cxd4 Qh5 13. Bb2 Bd7 14. h3 Rac8 15. Qe2 Qg6 16. Rfe1 Rfd8 17. Rad1 Nb4 18. Ne5 Qh5 19. Qd2 a5 20. a3 Nc6 21. Nxd7 Rxd7 22. Be2 Qh4 23. Bf3 Nxd4 24. Bxd4 e5 25. Qxa5 exd4 26. e5 Qg5 27. Qa4 b5 28. Qa6 Rcd8 29. exf6 d3 30. Re4 g6 31. Bg4 1-0

[Event "Bogota op 10"]
[Site "Bogota"]
[Date "2012.10.11"]
[Round "1"]
[White "Corredor Castellanos, Camilo"]
[Black "Ruiz, Alciguel"]
[Result "0-1"]
[WhiteElo "1837"]
[BlackElo "2246"]
[PlyCount "66"]
[EventDate "2012.10.11"]
[EventType "swiss"]
[EventRounds "9"]
[EventCountry "COL"]
[SourceTitle "EXT 2013"]
[Source "ChessBase"]
[SourceDate "2012.11.22"]
[SourceVersion "1"]
[SourceVersionDate "2012.11.22"]
[SourceQuality "1"]

1. e4 c5 2. Nf3 Nc6 3. d4 cxd4 4. Nxd4 a6 5. Nc3 e6 6. Be3 Nf6 7. Be2 Qc7 8. 0-0 Bb4 9. Nxc6 bxc6 10. Bd4 e5 11. Be3 Bxc3 12. bxc3 Nxe4 13. Qd3 d5 14. c4 Be6 15. Rab1 0-0 16. Bf3 Nf6 17. Bb6 Qc8 18. Qc3 d4 19. Qa5 Bxc4 20. Rfe1 Nd7 21. Bc7 f6 22. Bxc6 Ra7 23. Bd5+ Bxd5 24. Qxd5+ Kh8 25. Bd6 Rg8 26. Rb2 a5 27. Reb1 Ra6 28. Rb7 Rc6 29. g3 Rxc2 30. Qxa5 Rc1+ 31. Kg2 Rxb1 32. Rxb1 Qc6+ 33. Kg1 Qxd6 0-1

[Event "San Cristobal Bolivar op 1st"]
[Site "San Cristobal"]
[Date "2012.09.25"]
[Round "1"]
[White "Cadena Montoya, Gustavo Adolfo"]
[Black "Ruiz, Alciguel"]
[Result "1/2-1/2"]
[WhiteElo "2108"]
[BlackElo "2246"]
[PlyCount "54"]
[EventDate "2012.09.25"]
[EventType "swiss"]
[EventRounds "10"]
[EventCountry "VEN"]
[SourceTitle "EXT 2013"]
[Source "ChessBase"]
[SourceDate "2012.11.22"]
[SourceVersion "1"]
[SourceVersionDate "2012.11.22"]
[SourceQuality "1"]

1. d4 Nf6 2. Nf3 g6 3. Bf4 Bg7 4. h3 0-0 5. Nbd2 d5 6. e3 c5 7. c3 b6 8. Bd3 Ba6 9. Bxa6 Nxa6 10. Qe2 Nc7 11. 0-0 Nce8 12. Rac1 Nd6 13. c4 cxd4 14. Nxd4 Rc8 15. Be5 Nxc4 16. Nxc4 dxc4 17. Bxf6 Bxf6 18. Rxc4 Qd5 19. Rfc1 Rxc4 20. Qxc4 Qxc4 21. Rxc4 Rd8 22. Rc7 Bxd4 23. exd4 Rxd4 24. Rxe7 Rd1+ 25. Kh2 Rd2 26. Rxa7 Rxb2 27. Kg3 Kg7 1/2-1/2

[Event "Bogota op 07"]
[Site "Bogota"]
[Date "2012.07.20"]
[Round "2"]
[White "Gomez, Jorge Leonardo"]
[Black "Ruiz, Alciguel"]
[Result "0-1"]
[WhiteElo "1904"]
[BlackElo "2213"]
[PlyCount "32"]
[EventDate "2012.07.19"]
[EventType "swiss"]
[EventRounds "7"]
[EventCountry "COL"]
[SourceTitle "EXT 2024"]
[Source "ChessBase"]
[SourceDate "2023.10.10"]
[SourceVersion "1"]
[SourceVersionDate "2023.10.10"]
[SourceQuality "1"]

1. d4 Nf6 2. c4 g6 3. Nc3 d5 4. Nf3 Bg7 5. Qb3 dxc4 6. Qxc4 0-0 7. e4 Na6 8. Be2 c5 9. d5 e6 10. 0-0 exd5 11. exd5 Bf5 12. Rd1 Re8 13. Bf4 Rc8 14. Rd2 Ne4 15. Nxe4 Rxe4 16. Qb3 Rxf4 0-1

[Event "Bogota IRT op 06"]
[Site "Bogota"]
[Date "2012.06.10"]
[Round "4"]
[White "Lozano Ramirez, Nestor Favian"]
[Black "Ruiz, Alciguel"]
[Result "1/2-1/2"]
[WhiteElo "1951"]
[BlackElo "2197"]
[PlyCount "23"]
[EventDate "2012.06.08"]
[EventType "swiss"]
[EventRounds "7"]
[EventCountry "COL"]
[SourceTitle "CBM 148 Extra"]
[Source "ChessBase"]
[SourceDate "2012.06.22"]
[SourceVersion "1"]
[SourceVersionDate "2012.06.22"]
[SourceQuality "1"]

1. c4 Nf6 2. g3 g6 3. Bg2 d5 4. cxd5 Nxd5 5. Nc3 Nb6 6. d3 Bg7 7. Be3 0-0 8. Qd2 Re8 9. Bh6 Bh8 10. h4 N8d7 11. h5 Nf6 12. Nf3 1/2-1/2

[Event "Bogota IRT op 06"]
[Site "Bogota"]
[Date "2012.06.09"]
[Round "2"]
[White "Cardozo Munar, Carlos Eduardo"]
[Black "Ruiz, Alciguel"]
[Result "0-1"]
[WhiteElo "1925"]
[BlackElo "2197"]
[PlyCount "52"]
[EventDate "2012.06.08"]
[EventType "swiss"]
[EventRounds "7"]
[EventCountry "COL"]
[SourceTitle "CBM 148 Extra"]
[Source "ChessBase"]
[SourceDate "2012.06.22"]
[SourceVersion "1"]
[SourceVersionDate "2012.06.22"]
[SourceQuality "1"]

1. e4 c5 2. Nf3 Nc6 3. d3 g6 4. g3 Bg7 5. Bg2 Nf6 6. c3 d6 7. 0-0 0-0 8. Re1 Rb8 9. a4 a6 10. Nbd2 e5 11. Nf1 b5 12. axb5 Rxb5 13. d4 cxd4 14. cxd4 exd4 15. Nxd4 Nxd4 16. Qxd4 Ng4 17. Qd2 Qb6 18. h3 Ne5 19. Ne3 Bxh3 20. f4 Nc4 21. Qf2 Nxb2 22. Bxh3 Nd3 23. Qe2 Nxe1 24. Ra4 Rb1 25. Qxe1 Bd4 26. Kf2 Qc5 0-1

[Event "Barquisimeto op"]
[Site "Barquisimeto"]
[Date "2012.05.25"]
[Round "3"]
[White "Ruiz, Alciguel"]
[Black "Corado Paz Castillo, Rafael"]
[Result "1/2-1/2"]
[WhiteElo "2197"]
[BlackElo "2093"]
[PlyCount "87"]
[EventDate "2012.05.23"]
[EventType "swiss"]
[EventRounds "7"]
[EventCountry "VEN"]
[SourceTitle "CBM 148 Extra"]
[Source "ChessBase"]
[SourceDate "2012.06.22"]
[SourceVersion "1"]
[SourceVersionDate "2012.06.22"]
[SourceQuality "1"]

1. d4 Nf6 2. c4 c5 3. d5 b5 4. Nf3 g6 5. Qc2 bxc4 6. Nc3 d6 7. e4 Bg7 8. Bxc4 0-0 9. 0-0 Nbd7 10. h3 Nb6 11. Be2 Bd7 12. Rd1 Ne8 13. Bf4 Nc7 14. Rab1 Rb8 15. a4 Bxc3 16. Qxc3 Nxa4 17. Qa3 Rb7 18. Qa1 f6 19. b3 Nb6 20. b4 cxb4 21. Rxb4 Qa8 22. Rdb1 Rfb8 23. Be3 Na4 24. Qa3 a5 25. Rxb7 Rxb7 26. Rc1 Na6 27. Nd4 N6c5 28. Bg4 Bxg4 29. hxg4 Nb2 30. f3 Qa6 31. Rxc5 dxc5 32. Qxc5 Rd7 33. Nc6 Nd3 34. Qa3 Ne5 35. Qxa5 Qxa5 36. Nxa5 Kf7 37. Nb3 Rc7 38. Nc5 Nd7 39. Ne6 Rc2 40. Nd8+ Ke8 41. Ne6 Ne5 42. g5 fxg5 43. Nxg5 h5 44. Nh3 1/2-1/2

[Event "Bogota op 02"]
[Site "Bogota"]
[Date "2012.02.24"]
[Round "2"]
[White "Pereira Vera, Henry Alberto"]
[Black "Ruiz, Alciguel"]
[Result "0-1"]
[WhiteElo "1609"]
[BlackElo "2233"]
[PlyCount "68"]
[EventDate "2012.02.23"]
[EventType "swiss"]
[EventRounds "7"]
[EventCountry "COL"]
[SourceTitle "CBM 147 Extra"]
[Source "ChessBase"]
[SourceDate "2012.04.24"]
[SourceVersion "1"]
[SourceVersionDate "2012.04.24"]
[SourceQuality "1"]

1. c4 Nf6 2. Nc3 d5 3. cxd5 Nxd5 4. g3 g6 5. Bg2 Nb6 6. Nf3 Bg7 7. 0-0 0-0 8. d3 e5 9. Bg5 f6 10. Be3 Qe7 11. Ne4 Na6 12. Rc1 Qf7 13. Nc5 Nxc5 14. Bxc5 Rd8 15. Bxb6 axb6 16. Qc2 c6 17. a3 Bh6 18. e3 Bf5 19. Rfd1 Rd7 20. Qc3 Rad8 21. Ne1 b5 22. Rd2 Be6 23. b4 Rd6 24. Ra1 f5 25. Re2 Bg7 26. a4 e4 27. d4 Bc4 28. Rb2 Ra8 29. a5 b6 30. Rd2 bxa5 31. Rxa5 Rxa5 32. bxa5 c5 33. Bf1 Bxf1 34. Qxc5 Bh3 0-1